[Event "DEM U10 2019"]
[Site "Willingen GER"]
[Date "2019.06.11"]
[Round "5"]
[White "Besou, Hussain"]
[Black "Grabs, Peter"]
[Result "0-1"]
[Termination "normal"]
[Board "1"]
[BlackTitle "CM"]
[WhiteElo "1789"]
[BlackElo "1575"]
[WhiteClock "00:09:53"]
[BlackClock "00:14:27"]
[PlyCount "110"]
[WhiteFideId "16269950"]
[BlackFideId "16203887"]
[EventCountry "GER"]
[EventRounds "11"]
[EventType "swiss"]
[EventDate "2019.06.08"]

1. c4 {[%clk 1:15:58]} 1... e5 {[%clk 1:15:57]} 2. a3 {[%clk 1:16:14]} 2... Nf6
{[%clk 1:16:17]} 3. Nc3 {[%clk 1:16:39]} 3... Bc5 {[%clk 1:14:21]} 4. b4 {
[%clk 1:16:53]} 4... Be7 {[%clk 1:14:33]} 5. g3 {[%clk 1:16:20]} 5... O-O {
[%clk 1:14:35]} 6. Bg2 {[%clk 1:16:44]} 6... c6 {[%clk 1:14:53]} 7. Qb3 7... d6
{[%clk 1:14:26]} 8. d3 {[%clk 1:16:40]} 8... Be6 {[%clk 1:14:27]} 9. Nf3 {
[%clk 1:13:15]} 9... Nbd7 {[%clk 1:14:06]} 10. e4 {[%clk 1:13:11]} 10... h6 {
[%clk 1:12:40]} 11. a4 {[%clk 1:12:39]} 11... a5 {[%clk 1:12:02]} 12. O-O 12...
axb4 {[%clk 1:08:19]} 13. Qxb4 {[%clk 1:07:06]} 13... d5 {[%clk 1:02:55]} 14.
Qb1 {[%clk 0:49:42]} 14... dxc4 {[%clk 1:01:16]} 15. dxc4 {[%clk 0:49:39]}
15... Bxc4 {[%clk 1:00:50]} 16. Rd1 {[%clk 0:50:02]} 16... Qc7 {[%clk 1:01:01]}
17. Nd2 {[%clk 0:48:00]} 17... Be6 {[%clk 0:58:29]} 18. h3 {[%clk 0:47:41]}
18... Bc5 {[%clk 0:52:02]} 19. Ba3 {[%clk 0:47:01]} 19... Bxa3 {[%clk 0:47:03]}
20. Rxa3 {[%clk 0:46:44]} 20... Rfd8 {[%clk 0:42:05]} 21. Qc2 {[%clk 0:45:18]}
21... Qa5 {[%clk 0:38:00]} 22. Raa1 {[%clk 0:42:11]} 22... Nc5 {[%clk 0:35:43]}
23. Bf1 {[%clk 0:30:11]} 23... Rd7 {[%clk 0:34:20]} 24. Nc4 {[%clk 0:26:54]}
24... Bxc4 {[%clk 0:33:40]} 25. Bxc4 {[%clk 0:27:04]} 25... Rad8 { [%clk
0:33:23]} 26. f3 {[%clk 0:22:51]} 26... Rxd1+ {[%clk 0:32:18]} 27. Rxd1 { [%clk
0:21:58]} 27... Rxd1+ {[%clk 0:32:31]} 28. Nxd1 {[%clk 0:22:15]} 28... Qxa4
{[%clk 0:31:42]} 29. Qxa4 {[%clk 0:22:35]} 29... Nxa4 {[%clk 0:32:06]} 30. Kf2
{[%clk 0:22:54]} 30... Kf8 {[%clk 0:31:09]} 31. g4 {[%clk 0:21:31]} 31... Ke7
{[%clk 0:30:38]} 32. Ke2 {[%clk 0:21:09]} 32... Nd7 {[%clk 0:30:22]} 33. Ne3
{[%clk 0:21:02]} 33... g6 {[%clk 0:30:29]} 34. Kd2 {[%clk 0:21:14]} 34... b5
{[%clk 0:30:42]} 35. Ba2 {[%clk 0:21:24]} 35... Ndb6 {[%clk 0:30:44]} 36. Kc2
{[%clk 0:21:17]} 36... Nc5 {[%clk 0:28:27]} 37. h4 {[%clk 0:21:12]} 37... Ne6
{[%clk 0:28:32]} 38. Kc3 {[%clk 0:21:14]} 38... c5 {[%clk 0:27:42]} 39. Bb3
{[%clk 0:20:56]} 39... Nd4 {[%clk 0:25:49]} 40. Bd1 {[%clk 0:21:04]} 40... Kd6
{[%clk 0:25:20]} 41. h5 {[%clk 0:21:11]} 41... b4+ {[%clk 0:25:02]} 42. Kd3 {
[%clk 0:20:51]} 42... Kc6 {[%clk 0:25:09]} 43. g5 {[%clk 0:21:11]} 43... gxh5 {
[%clk 0:20:13]} 44. gxh6 {[%clk 0:21:24]} 44... Ne6 {[%clk 0:20:24]} 45. Nd5 {
[%clk 0:20:45]} 45... c4+ {[%clk 0:19:54]} 46. Kd2 {[%clk 0:20:36]} 46... Ng5 {
[%clk 0:18:03]} 47. Nf6 {[%clk 0:20:22]} 47... h4 {[%clk 0:17:10]} 48. Be2 {
[%clk 0:18:07]} 48... b3 {[%clk 0:15:36]} 49. h7 {[%clk 0:13:44]} 49... Nxh7 {
[%clk 0:15:52]} 50. Nxh7 {[%clk 0:14:06]} 50... h3 {[%clk 0:16:03]} 51. Bf1 {
[%clk 0:13:06]} 51... h2 {[%clk 0:15:16]} 52. Bg2 {[%clk 0:13:30]} 52... Kc5 {
[%clk 0:15:01]} 53. Nf6 {[%clk 0:11:04]} 53... Kd4 {[%clk 0:14:37]} 54. Ng4 {
[%clk 0:10:14]} 54... c3+ {[%clk 0:14:49]} 55. Kc1 {[%clk 0:09:53]} 55... c2 {
[%clk 0:14:27]} 0-1

[Event "DEM U10 2019"]
[Site "Willingen GER"]
[Date "2019.06.11"]
[Round "5"]
[White "Helms, Finn"]
[Black "Sommer, Justus"]
[Result "1-0"]
[Termination "normal"]
[Board "2"]
[WhiteElo "1773"]
[BlackElo "1684"]
[WhiteClock "00:47:58"]
[BlackClock "00:37:38"]
[PlyCount "99"]
[WhiteFideId "16249143"]
[BlackFideId "16245008"]
[EventCountry "GER"]
[EventRounds "11"]
[EventType "swiss"]
[EventDate "2019.06.08"]

1. d4 {[%clk 1:15:58]} 1... d5 {[%clk 1:15:22]} 2. Bf4 {[%clk 1:16:12]} 2...
Nf6 {[%clk 1:15:35]} 3. e3 {[%clk 1:16:35]} 3... e6 {[%clk 1:15:47]} 4. Nf3 {
[%clk 1:16:51]} 4... c5 {[%clk 1:15:50]} 5. c3 {[%clk 1:17:13]} 5... Nc6 {
[%clk 1:15:47]} 6. Nbd2 {[%clk 1:17:26]} 6... Bd6 {[%clk 1:16:04]} 7. Bg3 {
[%clk 1:17:44]} 7... O-O {[%clk 1:16:05]} 8. Bd3 {[%clk 1:17:58]} 8... Qe7 {
[%clk 1:15:24]} 9. Ne5 {[%clk 1:18:14]} 9... Nd7 {[%clk 1:15:06]} 10. Nxd7 {
[%clk 1:18:06]} 10... Bxd7 {[%clk 1:14:46]} 11. Bxd6 {[%clk 1:18:22]} 11...
Qxd6 {[%clk 1:15:01]} 12. dxc5 {[%clk 1:18:42]} 12... Qxc5 {[%clk 1:14:50]} 13.
Bxh7+ {[%clk 1:19:01]} 13... Kxh7 {[%clk 1:13:35]} 14. Qh5+ {[%clk 1:19:24]}
14... Kg8 {[%clk 1:13:52]} 15. Ne4 {[%clk 1:19:49]} 15... g6 {[%clk 1:08:46]}
16. Nxc5 {[%clk 1:20:01]} 16... gxh5 {[%clk 1:09:09]} 17. Nxd7 {[%clk 1:20:27]}
17... Rfd8 {[%clk 1:09:18]} 18. Nf6+ {[%clk 1:20:51]} 18... Kf8 {[%clk 1:09:41]
} 19. Nxh5 {[%clk 1:21:14]} 19... Ne5 {[%clk 1:09:37]} 20. Ke2 {[%clk 1:21:09]}
20... Ke7 {[%clk 1:09:47]} 21. Nf4 {[%clk 1:21:15]} 21... Rd6 {[%clk 1:09:39]}
22. Nd3 {[%clk 1:20:52]} 22... Nc4 {[%clk 1:09:33]} 23. b3 {[%clk 1:19:58]}
23... Nb6 {[%clk 1:09:11]} 24. h4 {[%clk 1:19:41]} 24... Rc6 {[%clk 1:08:43]}
25. Rac1 {[%clk 1:18:13]} 25... Rac8 {[%clk 1:08:56]} 26. Kd2 {[%clk 1:18:32]}
26... Nd7 {[%clk 1:07:00]} 27. f3 {[%clk 1:17:06]} 27... e5 {[%clk 1:05:04]}
28. g4 {[%clk 1:14:04]} 28... Rd6 {[%clk 1:03:07]} 29. Nb2 {[%clk 1:01:51]}
29... Rf6 {[%clk 0:59:33]} 30. Ke2 {[%clk 1:01:40]} 30... Ra6 {[%clk 0:59:46]}
31. a4 {[%clk 1:00:51]} 31... Rb6 {[%clk 1:00:00]} 32. b4 {[%clk 1:01:04]}
32... Rbc6 {[%clk 1:00:26]} 33. Rhd1 {[%clk 0:59:12]} 33... Ke6 {[%clk 0:58:24]
} 34. Rd3 {[%clk 0:55:16]} 34... Nf6 {[%clk 0:55:32]} 35. g5 {[%clk 0:54:54]}
35... Nh5 {[%clk 0:55:09]} 36. Rcd1 {[%clk 0:54:41]} 36... Rxc3 {[%clk 0:52:19]
} 37. Rxd5 {[%clk 0:54:51]} 37... Rb3 {[%clk 0:50:41]} 38. Rd6+ {[%clk 0:53:58]
} 38... Kf5 {[%clk 0:48:50]} 39. Nd3 {[%clk 0:52:46]} 39... Rc2+ { [%clk
0:47:33]} 40. Rd2 {[%clk 0:47:03]} 40... Ng3+ {[%clk 0:46:25]} 41. Kd1 { [%clk
0:47:15]} 41... Rxd2+ {[%clk 0:36:40]} 42. Kxd2 {[%clk 0:47:24]} 42... Rxd3+
{[%clk 0:36:54]} 43. Kxd3 {[%clk 0:47:44]} 43... Nh5 {[%clk 0:37:07]} 44. Rd7
{[%clk 0:47:54]} 44... f6 {[%clk 0:36:37]} 45. gxf6 {[%clk 0:46:45]} 45... Nxf6
{[%clk 0:36:57]} 46. Rxb7 {[%clk 0:47:00]} 46... Ke6 {[%clk 0:36:49]} 47. Rxa7
{[%clk 0:47:21]} 47... Nd5 {[%clk 0:37:12]} 48. b5 {[%clk 0:47:19]} 48... Kd6
{[%clk 0:37:26]} 49. h5 {[%clk 0:47:41]} 49... e4+ {[%clk 0:37:38]} 50. fxe4
{[%clk 0:47:58]} 1-0

[Event "DEM U10 2019"]
[Site "Willingen GER"]
[Date "2019.06.11"]
[Round "5"]
[White "Ruddat, Jarne"]
[Black "Sauer, Tim"]
[Result "0-1"]
[Termination "normal"]
[Board "3"]
[WhiteElo "1350"]
[BlackElo "1553"]
[WhiteClock "00:57:38"]
[BlackClock "01:14:38"]
[PlyCount "34"]
[WhiteFideId "16254236"]
[BlackFideId "16265726"]
[EventCountry "GER"]
[EventRounds "11"]
[EventType "swiss"]
[EventDate "2019.06.08"]

1. e4 {[%clk 1:15:57]} 1... c6 {[%clk 1:15:54]} 2. d4 {[%clk 1:16:16]} 2... d5
{[%clk 1:16:22]} 3. exd5 {[%clk 1:16:28]} 3... cxd5 {[%clk 1:16:48]} 4. Bd3 {
[%clk 1:16:27]} 4... Nc6 {[%clk 1:17:15]} 5. c3 {[%clk 1:16:24]} 5... Nf6 {
[%clk 1:17:42]} 6. Bf4 {[%clk 1:16:24]} 6... Bg4 {[%clk 1:18:06]} 7. Qb3 {
[%clk 1:16:40]} 7... e5 {[%clk 1:18:00]} 8. Bg5 {[%clk 1:05:26]} 8... Qe7 {
[%clk 1:14:31]} 9. Bxf6 {[%clk 1:03:51]} 9... gxf6 {[%clk 1:14:16]} 10. Qxd5 {
[%clk 1:02:04]} 10... Rd8 {[%clk 1:13:51]} 11. Qe4 {[%clk 1:01:34]} 11... f5 {
[%clk 1:14:11]} 12. Qe3 {[%clk 1:01:48]} 12... f4 {[%clk 1:13:51]} 13. Qe4 {
[%clk 1:00:05]} 13... f5 {[%clk 1:14:11]} 14. Be2 {[%clk 0:58:26]} 14... fxe4 {
[%clk 1:14:10]} 15. Bxg4 {[%clk 0:58:49]} 15... Qg5 {[%clk 1:14:25]} 16. Bh3 {
[%clk 0:57:16]} 16... exd4 {[%clk 1:14:38]} 17. cxd4 {[%clk 0:57:38]} 17...
Nxd4 0-1

[Event "DEM U10 2019"]
[Site "Willingen GER"]
[Date "2019.06.11"]
[Round "5"]
[White "Navarro Jahnke, Leo"]
[Black "Dorendorf, Mika"]
[Result "1-0"]
[Termination "normal"]
[Board "4"]
[WhiteElo "1334"]
[BlackElo "1398"]
[WhiteClock "01:03:12"]
[BlackClock "00:42:26"]
[PlyCount "59"]
[WhiteFideId "16234146"]
[BlackFideId "16283066"]
[EventCountry "GER"]
[EventRounds "11"]
[EventType "swiss"]
[EventDate "2019.06.08"]

1. c4 {[%clk 1:15:58]} 1... e5 {[%clk 1:15:38]} 2. Nf3 {[%clk 1:16:23]} 2...
Nc6 {[%clk 1:15:19]} 3. d4 {[%clk 1:16:46]} 3... exd4 {[%clk 1:15:15]} 4. Nxd4
{[%clk 1:17:20]} 4... Bc5 {[%clk 1:13:25]} 5. e3 5... Nge7 {[%clk 1:10:50]} 6.
b3 {[%clk 1:16:35]} 6... O-O {[%clk 1:09:21]} 7. Be2 {[%clk 1:16:26]} 7... d6 {
[%clk 1:07:21]} 8. Bb2 {[%clk 1:15:53]} 8... Bd7 {[%clk 1:00:34]} 9. O-O {
[%clk 1:15:22]} 9... Ng6 {[%clk 0:54:36]} 10. Nd2 {[%clk 1:02:48]} 10... Nxd4 {
[%clk 0:51:06]} 11. exd4 {[%clk 1:02:48]} 11... Bb6 {[%clk 0:50:55]} 12. a4 {
[%clk 1:02:21]} 12... a5 {[%clk 0:50:56]} 13. Nf3 {[%clk 1:02:07]} 13... Nf4 {
[%clk 0:50:12]} 14. Re1 {[%clk 1:02:18]} 14... Nxe2+ {[%clk 0:49:48]} 15. Qxe2
{[%clk 1:02:30]} 15... Re8 {[%clk 0:49:49]} 16. Qd3 {[%clk 1:02:55]} 16... Qc8
{[%clk 0:49:25]} 17. Rad1 {[%clk 1:02:45]} 17... Bf5 {[%clk 0:49:30]} 18. Rxe8+
{[%clk 1:03:14]} 18... Qxe8 {[%clk 0:49:44]} 19. Qxf5 {[%clk 1:03:14]} 19... g6
{[%clk 0:49:28]} 20. Qd3 {[%clk 1:01:52]} 20... c5 {[%clk 0:48:01]} 21. d5 {
[%clk 1:01:03]} 21... Bd8 {[%clk 0:46:07]} 22. Qc3 {[%clk 1:00:39]} 22... f6 {
[%clk 0:46:06]} 23. Ng5 {[%clk 1:00:57]} 23... Qe2 {[%clk 0:42:42]} 24. Re1 {
[%clk 1:01:14]} 24... Qg4 {[%clk 0:42:08]} 25. Re8+ {[%clk 1:01:37]} 25... Kg7
{[%clk 0:42:09]} 26. Ne6+ {[%clk 1:01:58]} 26... Kf7 {[%clk 0:41:42]} 27. Rf8+
{[%clk 1:02:22]} 27... Ke7 {[%clk 0:41:44]} 28. Qxf6+ {[%clk 1:02:46]} 28...
Kd7 {[%clk 0:42:09]} 29. Rxd8+ {[%clk 1:03:12]} 29... Rxd8 {[%clk 0:42:26]} 30.
Qxd8# 1-0

[Event "DEM U10 2019"]
[Site "Willingen GER"]
[Date "2019.06.11"]
[Round "5"]
[White "Fietz, Nils"]
[Black "Freude, Paul"]
[Result "1/2-1/2"]
[Termination "normal"]
[Board "5"]
[WhiteElo "1677"]
[BlackElo "1713"]
[WhiteClock "00:02:26"]
[BlackClock "00:13:11"]
[PlyCount "107"]
[WhiteFideId "16263880"]
[BlackFideId "16280717"]
[EventCountry "GER"]
[EventRounds "11"]
[EventType "swiss"]
[EventDate "2019.06.08"]

1. e4 {[%clk 1:15:57]} 1... c5 {[%clk 1:15:51]} 2. c3 {[%clk 1:16:21]} 2... Nf6
{[%clk 1:16:12]} 3. e5 {[%clk 1:16:42]} 3... Nd5 {[%clk 1:16:33]} 4. d4 { [%clk
1:17:00]} 4... cxd4 {[%clk 1:16:41]} 5. cxd4 {[%clk 1:17:16]} 5... e6 { [%clk
1:16:47]} 6. Nf3 {[%clk 1:16:27]} 6... b6 {[%clk 1:17:06]} 7. Bc4 { [%clk
1:14:33]} 7... Bb7 {[%clk 1:17:22]} 8. O-O {[%clk 1:14:14]} 8... Be7 { [%clk
1:17:45]} 9. Nbd2 {[%clk 1:11:40]} 9... O-O {[%clk 1:17:44]} 10. Re1 { [%clk
1:08:51]} 10... d6 {[%clk 1:14:59]} 11. Ne4 {[%clk 1:04:40]} 11... dxe5 { [%clk
1:14:17]} 12. dxe5 {[%clk 1:03:22]} 12... Na6 {[%clk 1:11:13]} 13. Qe2 { [%clk
0:53:07]} 13... Nc5 {[%clk 1:09:24]} 14. Nxc5 {[%clk 0:43:16]} 14... Bxc5
{[%clk 1:09:33]} 15. Bg5 {[%clk 0:42:49]} 15... Qb8 {[%clk 0:57:00]} 16. Rab1 {
[%clk 0:38:39]} 16... a5 {[%clk 0:43:56]} 17. a3 {[%clk 0:37:10]} 17... a4 {
[%clk 0:41:00]} 18. Nd2 {[%clk 0:35:54]} 18... h6 {[%clk 0:36:35]} 19. Bh4 {
[%clk 0:32:18]} 19... Nf4 {[%clk 0:33:33]} 20. Qg4 {[%clk 0:31:59]} 20... Ng6 {
[%clk 0:29:33]} 21. Bg3 {[%clk 0:31:20]} 21... Qd8 {[%clk 0:27:54]} 22. Rbd1 {
[%clk 0:30:43]} 22... Qd4 {[%clk 0:23:20]} 23. Bxe6 {[%clk 0:24:57]} 23... fxe6
{[%clk 0:20:08]} 24. Qxg6 {[%clk 0:25:11]} 24... Bd5 {[%clk 0:19:30]} 25. Ne4 {
[%clk 0:23:43]} 25... Qxb2 {[%clk 0:18:32]} 26. Nf6+ {[%clk 0:23:39]} 26...
Rxf6 {[%clk 0:18:45]} 27. exf6 {[%clk 0:24:05]} 27... Qxf6 {[%clk 0:18:50]} 28.
Qxf6 {[%clk 0:21:59]} 28... gxf6 {[%clk 0:19:10]} 29. Rd3 {[%clk 0:21:56]}
29... Rc8 {[%clk 0:19:04]} 30. Bf4 {[%clk 0:21:25]} 30... Kh7 {[%clk 0:18:31]}
31. Rc1 {[%clk 0:20:17]} 31... Rg8 {[%clk 0:17:30]} 32. Rg3 {[%clk 0:20:04]}
32... Rxg3 {[%clk 0:17:43]} 33. hxg3 {[%clk 0:20:07]} 33... Bb3 {[%clk 0:17:41]
} 34. Be3 {[%clk 0:19:09]} 34... Bxa3 {[%clk 0:17:26]} 35. Rc7+ {[%clk 0:19:34]
} 35... Kg6 {[%clk 0:17:36]} 36. Bxb6 {[%clk 0:19:55]} 36... Bb2 { [%clk
0:17:42]} 37. Bc5 {[%clk 0:19:41]} 37... Kf5 {[%clk 0:17:21]} 38. Kf1 { [%clk
0:19:34]} 38... Bc4+ {[%clk 0:16:17]} 39. Ke1 {[%clk 0:19:48]} 39... Bc3+
{[%clk 0:16:36]} 40. Kd1 {[%clk 0:20:06]} 40... Bb3+ {[%clk 0:16:55]} 41. Kc1 {
[%clk 0:20:21]} 41... Be1 {[%clk 0:16:21]} 42. Rh7 {[%clk 0:19:57]} 42... Kg6 {
[%clk 0:16:22]} 43. Rh8 {[%clk 0:20:13]} 43... Bd5 {[%clk 0:16:12]} 44. Be3 {
[%clk 0:20:21]} 44... Bxg2 {[%clk 0:15:44]} 45. Rxh6+ {[%clk 0:20:49]} 45...
Kg7 {[%clk 0:15:50]} 46. Rh2 {[%clk 0:20:23]} 46... Bd5 {[%clk 0:15:01]} 47.
Kb2 {[%clk 0:20:09]} 47... Bb3 {[%clk 0:15:00]} 48. Bd4 {[%clk 0:18:38]} 48...
Kg6 {[%clk 0:14:19]} 49. Bc3 {[%clk 0:19:02]} 49... Bxc3+ {[%clk 0:14:34]} 50.
Kxc3 {[%clk 0:19:28]} 50... Kg5 {[%clk 0:14:33]} 51. f3 {[%clk 0:19:18]} 51...
Bd5 {[%clk 0:14:37]} 52. Rf2 {[%clk 0:19:33]} 52... f5 {[%clk 0:14:03]} 53. Kd4
{[%clk 0:17:46]} 53... f4 {[%clk 0:13:11]} 54. gxf4+ {[%clk 0:02:26]} 1/2-1/2

[Event "DEM U10 2019"]
[Site "Willingen GER"]
[Date "2019.06.11"]
[Round "5"]
[White "Huber, Benedikt Thomas"]
[Black "Ermitsch, Magnus"]
[Result "1/2-1/2"]
[Termination "normal"]
[Board "6"]
[WhiteElo "1441"]
[BlackElo "1843"]
[WhiteClock "00:23:10"]
[BlackClock "00:02:04"]
[PlyCount "85"]
[WhiteFideId "16281225"]
[BlackFideId "16234464"]
[EventCountry "GER"]
[EventRounds "11"]
[EventType "swiss"]
[EventDate "2019.06.08"]

1. e4 {[%clk 1:15:59]} 1... c5 {[%clk 1:15:27]} 2. Nc3 {[%clk 1:16:24]} 2... e6
{[%clk 1:14:53]} 3. g3 {[%clk 1:16:45]} 3... Nc6 {[%clk 1:13:56]} 4. Bg2 {
[%clk 1:15:57]} 4... a6 {[%clk 1:13:30]} 5. d3 {[%clk 1:15:26]} 5... g6 { [%clk
1:12:33]} 6. Be3 {[%clk 1:14:18]} 6... d6 {[%clk 1:11:03]} 7. Qd2 { [%clk
1:13:08]} 7... Bg7 {[%clk 1:09:29]} 8. Nge2 {[%clk 1:11:28]} 8... Nge7 { [%clk
1:05:00]} 9. Bh6 {[%clk 1:10:45]} 9... O-O {[%clk 1:04:05]} 10. h4 { [%clk
1:09:27]} 10... Ne5 {[%clk 0:51:22]} 11. f3 {[%clk 1:04:54]} 11... b5 { [%clk
0:49:05]} 12. h5 {[%clk 1:03:31]} 12... N7c6 {[%clk 0:30:50]} 13. hxg6 { [%clk
1:02:37]} 13... hxg6 {[%clk 0:28:10]} 14. Bxg7 {[%clk 1:02:53]} 14... Kxg7
{[%clk 0:28:32]} 15. Qh6+ {[%clk 1:00:18]} 15... Kf6 {[%clk 0:28:54]} 16. f4
{[%clk 0:59:30]} 16... Bb7 {[%clk 0:20:17]} 17. fxe5+ {[%clk 0:59:28]} 17...
dxe5 {[%clk 0:20:31]} 18. Qh4+ {[%clk 0:59:12]} 18... Kg7 {[%clk 0:20:50]} 19.
Qxd8 {[%clk 0:59:14]} 19... Raxd8 {[%clk 0:21:04]} 20. a3 {[%clk 0:53:32]}
20... Ne7 {[%clk 0:18:16]} 21. Kd2 {[%clk 0:51:47]} 21... Nc6 {[%clk 0:16:14]}
22. Rh2 {[%clk 0:51:10]} 22... c4 {[%clk 0:15:13]} 23. Rah1 {[%clk 0:47:43]}
23... Na5 {[%clk 0:14:59]} 24. Nc1 {[%clk 0:45:19]} 24... Bc6 {[%clk 0:10:55]}
25. Rh7+ {[%clk 0:44:29]} 25... Kf6 {[%clk 0:11:17]} 26. Rf1+ {[%clk 0:42:33]}
26... Ke7 {[%clk 0:11:31]} 27. g4 {[%clk 0:42:07]} 27... Be8 {[%clk 0:09:55]}
28. g5 {[%clk 0:41:58]} 28... Kd6 {[%clk 0:08:59]} 29. Rh6 {[%clk 0:38:52]}
29... Rg8 {[%clk 0:09:19]} 30. N1a2 30... Kc5 {[%clk 0:07:11]} 31. Nb4 { [%clk
0:35:16]} 31... Kb6 {[%clk 0:07:11]} 32. Rfh1 {[%clk 0:34:18]} 32... cxd3
{[%clk 0:05:30]} 33. cxd3 {[%clk 0:26:27]} 33... Nc4+ {[%clk 0:04:50]} 34. Kc1
{[%clk 0:26:17]} 34... Ne3 {[%clk 0:04:45]} 35. Bf1 {[%clk 0:26:22]} 35... a5 {
[%clk 0:04:24]} 36. Nc2 {[%clk 0:25:53]} 36... Nxf1 {[%clk 0:04:49]} 37. Rxf1 {
[%clk 0:26:18]} 37... Rxd3 {[%clk 0:04:42]} 38. Rhh1 {[%clk 0:24:08]} 38... Kc5
{[%clk 0:03:11]} 39. Rd1 {[%clk 0:24:13]} 39... Rg3 {[%clk 0:03:18]} 40. Rhg1 {
[%clk 0:24:32]} 40... Rxg1 {[%clk 0:03:14]} 41. Rxg1 {[%clk 0:24:56]} 41... b4
{[%clk 0:03:09]} 42. Ne2 {[%clk 0:24:10]} 42... Bc6 {[%clk 0:02:04]} 43. Ng3 {
[%clk 0:23:10]} 1/2-1/2

[Event "DEM U10 2019"]
[Site "Willingen GER"]
[Date "2019.06.11"]
[Round "5"]
[White "Scheerer, Julian"]
[Black "Malinowsky, Levi"]
[Result "1/2-1/2"]
[Termination "normal"]
[Board "7"]
[WhiteElo "1395"]
[BlackElo "1400"]
[WhiteClock "00:47:30"]
[BlackClock "00:27:29"]
[PlyCount "68"]
[WhiteFideId "16265769"]
[BlackFideId "16253094"]
[EventCountry "GER"]
[EventRounds "11"]
[EventType "swiss"]
[EventDate "2019.06.08"]

1. e4 1... e5 {[%clk 1:15:24]} 2. Nf3 {[%clk 1:16:07]} 2... Nc6 {[%clk 1:15:21]
} 3. Bc4 {[%clk 1:16:13]} 3... Bc5 {[%clk 1:14:44]} 4. c3 {[%clk 1:16:21]} 4...
Nf6 {[%clk 1:14:10]} 5. d4 {[%clk 1:16:05]} 5... exd4 {[%clk 1:14:28]} 6. cxd4
{[%clk 1:16:19]} 6... Bb4+ {[%clk 1:14:37]} 7. Bd2 {[%clk 1:16:15]} 7... Bxd2+
{[%clk 1:14:41]} 8. Nbxd2 {[%clk 1:16:21]} 8... d5 {[%clk 1:14:00]} 9. exd5 {
[%clk 1:16:06]} 9... Nxd5 {[%clk 1:14:19]} 10. O-O {[%clk 1:15:28]} 10... O-O {
[%clk 1:13:40]} 11. Ne5 {[%clk 1:14:06]} 11... Nxe5 {[%clk 1:09:30]} 12. dxe5 {
[%clk 1:12:48]} 12... Nb6 {[%clk 1:06:54]} 13. Bb3 {[%clk 1:10:27]} 13... Bf5 {
[%clk 1:03:33]} 14. Bc2 {[%clk 1:08:42]} 14... Bxc2 {[%clk 1:03:35]} 15. Qxc2 {
[%clk 1:08:56]} 15... Qe7 {[%clk 1:02:25]} 16. Rfe1 {[%clk 1:08:16]} 16... Rad8
{[%clk 0:58:34]} 17. Rad1 {[%clk 1:07:08]} 17... Rd7 {[%clk 0:55:58]} 18. Nf3 {
[%clk 1:05:48]} 18... Rfd8 {[%clk 0:54:34]} 19. Rd2 {[%clk 1:03:51]} 19... Rxd2
{[%clk 0:54:21]} 20. Nxd2 {[%clk 1:03:35]} 20... Rd5 {[%clk 0:51:42]} 21. Nf3 {
[%clk 1:02:56]} 21... Qc5 {[%clk 0:48:27]} 22. Qe2 {[%clk 0:59:21]} 22... Qc4 {
[%clk 0:44:20]} 23. Qe3 {[%clk 0:57:02]} 23... Rd3 {[%clk 0:36:52]} 24. Qe2 {
[%clk 0:56:15]} 24... Rd8 {[%clk 0:35:57]} 25. Rd1 {[%clk 0:55:26]} 25... Rxd1+
{[%clk 0:36:06]} 26. Qxd1 {[%clk 0:55:29]} 26... Qd5 {[%clk 0:35:35]} 27. Qd4 {
[%clk 0:54:06]} 27... c5 {[%clk 0:33:35]} 28. Qxd5 {[%clk 0:53:54]} 28... Nxd5
{[%clk 0:34:01]} 29. Nd2 {[%clk 0:51:35]} 29... Nb4 {[%clk 0:32:15]} 30. a4 {
[%clk 0:50:40]} 30... Nd3 {[%clk 0:32:15]} 31. Nc4 {[%clk 0:50:59]} 31... a6 {
[%clk 0:30:46]} 32. a5 {[%clk 0:50:50]} 32... Kf8 {[%clk 0:28:29]} 33. Kf1 {
[%clk 0:48:11]} 33... Ke7 {[%clk 0:27:29]} 34. Ke2 {[%clk 0:47:30]} 34... Kf8
1/2-1/2

[Event "DEM U10 2019"]
[Site "Willingen GER"]
[Date "2019.06.11"]
[Round "5"]
[White "Klaska, Philipp Leon"]
[Black "Zobel, Christian"]
[Result "1/2-1/2"]
[Termination "normal"]
[Board "8"]
[WhiteElo "1444"]
[BlackElo "1404"]
[WhiteClock "00:49:20"]
[BlackClock "00:40:19"]
[PlyCount "48"]
[WhiteFideId "16238044"]
[BlackFideId "16259068"]
[EventCountry "GER"]
[EventRounds "11"]
[EventType "swiss"]
[EventDate "2019.06.08"]

1. e4 {[%clk 1:15:58]} 1... e5 {[%clk 1:15:22]} 2. Nf3 {[%clk 1:16:24]} 2...
Nc6 {[%clk 1:15:45]} 3. Bc4 {[%clk 1:16:47]} 3... Bc5 {[%clk 1:15:57]} 4. c3 {
[%clk 1:17:11]} 4... Nf6 {[%clk 1:16:18]} 5. d4 {[%clk 1:17:33]} 5... exd4 {
[%clk 1:16:40]} 6. cxd4 {[%clk 1:17:58]} 6... Bb4+ {[%clk 1:17:06]} 7. Bd2 {
[%clk 1:18:16]} 7... Bxd2+ {[%clk 1:17:25]} 8. Nbxd2 {[%clk 1:18:39]} 8... d5 {
[%clk 1:17:52]} 9. exd5 {[%clk 1:18:56]} 9... Nxd5 {[%clk 1:18:15]} 10. O-O {
[%clk 1:19:18]} 10... O-O {[%clk 1:17:30]} 11. Rc1 {[%clk 1:19:39]} 11... Bg4 {
[%clk 1:17:03]} 12. h3 {[%clk 1:18:44]} 12... Bh5 {[%clk 1:16:02]} 13. Bxd5 {
[%clk 1:12:51]} 13... Qxd5 {[%clk 1:16:07]} 14. Rc5 {[%clk 1:11:10]} 14... Bxf3
{[%clk 1:16:02]} 15. Rxd5 {[%clk 1:06:22]} 15... Bxd1 {[%clk 1:16:16]} 16. Rxd1
{[%clk 1:06:06]} 16... Rad8 {[%clk 1:10:38]} 17. Rxd8 {[%clk 1:04:59]} 17...
Rxd8 {[%clk 1:10:56]} 18. Nf3 {[%clk 1:04:18]} 18... f6 {[%clk 1:06:41]} 19.
Kf1 {[%clk 1:02:48]} 19... Kf7 {[%clk 1:03:46]} 20. Ke2 {[%clk 1:00:09]} 20...
Nb4 {[%clk 0:52:53]} 21. a3 {[%clk 0:56:02]} 21... Re8+ {[%clk 0:49:27]} 22.
Kd2 {[%clk 0:52:46]} 22... Nd5 {[%clk 0:48:26]} 23. g3 {[%clk 0:51:11]} 23...
Re6 {[%clk 0:44:28]} 24. Kd3 {[%clk 0:49:20]} 24... Nb6 {[%clk 0:40:19]}
1/2-1/2